000 00414nam a2200181 4500
005 20260117081459.0
008 CU45
020 _a0030185971
050 _aHF5415BOO
100 _aLOUIS E. BOONE
245 _aCONTEMPORARY MARKETING
250 _a9TH ED.
260 _aNEW YORK
_bDRYDEN PRESS
_c1998
300 _aXXXIII,,742p.ILLUS.,TABLES
500 _aINDEX
700 _aDAVID L. KURTZ
942 _2lcc
_cBK
_n0
999 _c8599
_d8599